Statistiken für Streamer an Games erraten

Klicken Sie hier um das Quiz zu spielen!

Allgemein

  • Dieses Quiz wurde 512 mal gespielt
  • Das Durchschnittsergebnis liegt bei 3 aus 13

Antwortstatistiken

Games + SpielzeitAntwort% Korrekt
1. LoL 1.718 Stunden
2. Valo 55,5 Stunden
3. PUBG 53,4 Stunden
Noway
74%
1. DbD 222 Stunden
2. Rust 75,2 Stunden
3. Dark and Darker 65,4 Stunden
Dhalucard
61%
1. Valo 237 Stunden
2. Just Chatting 144 Stunden
3. Codenames 44,3 Stunden
Baso
34%
1. TFT 407 Stunden
2. FIFA Manager 13 43,2 Stunden
3. Mechabellum 36,5 Stunden
LPGJustJohnny
26%
1. Just Chatting 149 Stunden
2. Zelda: Tears of the Kingdom 119 Stunden
3. Baldur's Gate 3 67,7 Stunden
Lumenti
21%
1. Just Chatting 169 Stunden
2. Dungeons & Dragons 54,4 Stunden
3. Dark and Darker 23,3 Stunden
BehaartMitBart
20%
1. Just Chatting 115 Stunden
2. Tomodachi Life 23,8 Stunden
3. PlateUp! 11,8 Stunden
mienah
20%
1. Just Chatting 296 Stunden
2. Crusader Kings 3 48 Stunden
3. Baldur's Gate 3 43,4 Stunden
Shurjoka
18%
1. Just Chatting 65,2 Stunden
2. Zelda: Tears of the Kingdom 36,1 Stunden
3. Dave the Diver 20 Stunden
Gnu
8%
1. LoL 247 Stunden
2. Just Chatting 152 Stunden
3. Baldur's Gate 23,1 Stunden
Thunny
8%
1. LoL 1.103 Stunden
2. Just Chatting 20,9 Stunden
3. Valo 15,2 Stunden
Autophil
5%
1. Just Chatting 195 Stunden
2. Zelda: Tears of the Kingdom 27,3 Stunden
3. PlateUp! 22,6 Stunden
Starletnova
1%
1. Just Chatting 37,4 Stunden
2. Special Events 25,1 Stunden
3. CSGO 12,5 Stunden
Sterzik
1%

Verteilung der Resultate

Perzentil nach korrekt beantworteten Fragen

Anzahl Personen mit jedem Resultat

Ihre Resultats-Entwicklung

Sie haben dieses Quiz noch nicht gespielt